000
00262nam a22001097a 4500
082
_a
954/BAK
100
_a
Maj Gen(Dr) GD Bakshi,SM,VSM
_9
83664
245
_a
71 Dash to Dhaka
260
_a
New Delhi
_b
KW Pub.
_c
2020
650
_a
Indian History
_9
227
942
_c
BK
999
_c
68609
_d
68609